00603cam a22001697a 4500008004000000020001500040082001000055100002300065245009400088260003700182300001000219440003100229650004200260650003100302999001900333952008100352180718b1999 xxu||||| |||| 00| 0 eng d a0198298250 aB T15 aTamanaha, Brian Z. aRealistic socio-legal theory: pragmatism and a social theory of lawcby Brian Z. Tamanaha aOxfordbOxford Univ. Pressc1999 a276p. aOxford socio-legal studies aSocial sciences - Law and legislation aSociological jurisprudence c392009d392009 00104070aIIPAbIIPAd2000-06-24oB T15p75148r2018-07-21w2018-07-21yBK